Представление документа в формате MARC21

ПолеНазваниеЗначение
  Тип записи a
  Библиографический уровень m
001 Контрольный номер RU\infra-m\znanium\bibl\2223183
005 Дата корректировки 20260429142240.5
008 Кодируемые данные 250909s2025 RU g rus u
020 Индекс ISBN __
a ISBN 978-5-16-021375-0
020 Индекс ISBN __
a ISBN 978-5-16-104499-5 (электр. издание)
040 Источник каталогиз. __
a Служба первич. каталог. Общество с ограниченной ответственностью «ЗНАНИУМ»
041 Код языка издания __
a Код языка текста rus
044 Код страны публикации __
a Код страны публикации RU
080 Индекс УДК __
a Индекс УДК 81'25(075.8)
084 Индекс другой классификации/Индекс ББК __
2 Источник индекса rubbk
a Индекс другой классификации/Индекс ББК 81я73
084 Индекс другой классификации/Индекс ББК __
2 Источник индекса okso
a Индекс другой классификации/Индекс ББК 38.03.01
084 Индекс другой классификации/Индекс ББК __
2 Источник индекса okso
a Индекс другой классификации/Индекс ББК 39.04.01
084 Индекс другой классификации/Индекс ББК __
2 Источник индекса okso
a Индекс другой классификации/Индекс ББК 44.03.05
084 Индекс другой классификации/Индекс ББК __
2 Источник индекса okso
a Индекс другой классификации/Индекс ББК 45.03.01
084 Индекс другой классификации/Индекс ББК __
2 Источник индекса okso
a Индекс другой классификации/Индекс ББК 45.05.01
084 Индекс другой классификации/Индекс ББК __
2 Источник индекса okso
a Индекс другой классификации/Индекс ББК 46.04.03
100 Автор __
a Автор Гаврилов Л.А.
q Полное имя Гаврилов Лев Алексеевич
u Дополнение Государственный Университет Просвещения
245 Заглавие __
a Заглавие Технология последовательного перевода
b Продолж. заглавия Учебное пособие
c Ответственность Государственный Университет Просвещения; Государственный Университет Просвещения
250 Сведения об издании __
g испр. и доп.
a Основные сведения об издании 2
260 Выходные данные __
a Место издания Москва
b Издательство ООО "Научно-издательский центр ИНФРА-М"
c Дата издания 2026
300 Физическое описание __
a Объем 146 с.
440 Серия __
a Серия Высшее образование
520 Аннотация __
a Аннотация В учебном пособии рассматриваются основы переводческой скорописи которая обеспечивает перевод выступления после его полного прослушивания и не требует прерывания речи оратора. Представленная в пособии система упражнений призвана обеспечить формирование навыков и умений последовательного перевода с записями стимулирует интеллектуальную активность обучающегося и помогает ему преодолевать опасную тенденцию к буквальному копированию форм оригинального текста в переводном. Соответствует требованиям Федерального государственного образовательного стандарта высшего образования последнего поколения. Пособие предназначено для студентов высших учебных заведений гуманитарного профиля обучающихся по специальности 45.05.01 «Перевод и переводоведение».
521 Примеч. о цел. назн. __
a Примеч. о целев. назн. ВО - Бакалавриат
650 Тематические рубрики __
a Основная рубрика Филологические науки
x Основная подрубрика Теория перевода. Лексикография. Многоязычные словари и разговорники
655 Указ. предметных рубрик (устаревшее) __
a Жанр/ форма (устаревшее) Учебное пособие
700 Другие авторы __
a Другие авторы Зарипов Р.И.
q Полное имя Зарипов Руслан Ирикович
u Дополнение Военный Университет
856 Электронный адрес документа 4_
a Имя сервера/домена znanium.ru
m Помощь ebs_support@infra-m.ru
n Местонахождение сервера НИЦ ИНФРА-М
u URL https://znanium.ru/catalog/document?id=468996
856 Электронный адрес документа 48
a Имя сервера/домена znanium.ru
d Путь /cover/2223
f Электронное имя 2223183.jpg
q Тип электронного формата image/jpeg
u URL https://znanium.ru/cover/2223/2223183.jpg
911 __
u 0030=https://znanium.ru/catalog/document?id=468996
911 __
u 712a=Государственный Университет Просвещения